Obálka Náhled e-knihy:
PDF Epub
Pro půjčování e-knih musíte být přihlášeni.
Jak si půjčit online?

Purpurová síť /

Zabij, nebo budeš zabit. Thriller španělské autorské trojice přináší druhý případ Eleny Blancové.

Uloženo v:
Série:Případy Eleny Blancové, část 2
Hlavní autor: Mola, Carmen (Autor)
Další autoři: Melicharová, Anna (Autor)
Médium: E-kniha
Jazyk:Czech
Vydáno: Praha : Kniha Zlin, 2023
Vydání:Vydání první
Edice:Thrill
Témata:
Příbuzné jednotky:Z cyklu:: Případy Eleny Blancové
Tagy:
Žádné tagy
LEADER 02505nam a2200469 i 4500
001 312123
003 CZ PrSKC
005 20260601215717.0
007 ta
008 231026s2023 xr g 000 f cze
015 |a cnb003563385 
020 |a 9788076625631  |q (vázáno) 
035 |a (OCoLC)1420607335 
040 |a ABG001  |b cze  |d ABA001  |e rda 
041 1 |a cze  |h spa 
072 7 |a 821.134.2-3  |x Španělská próza, španělsky psaná  |2 Konspekt 
080 |a 821.134.2-31  |2 MRF 
080 |a (0:82-312.4)  |2 MRF 
100 1 |a Mola, Carmen  |7 xx0257559  |4 aut 
240 1 0 |a Red púrpura.  |l Česky 
245 1 0 |a Purpurová síť /  |c Carmen Mola ; ze španělského originálu La red púrpura ... přeložila Anna Melicharová 
250 |a Vydání první 
264 1 |a Praha :  |b Kniha Zlin,  |c 2023 
300 |a 355 stran ;  |c 21 cm 
336 |a text  |b txt  |2 rdacontent 
337 |a bez média  |b n  |2 rdamedia 
338 |a svazek  |b nc  |2 rdacarrier 
490 1 |a Thrill 
520 2 |a Zabij, nebo budeš zabit. Thriller španělské autorské trojice přináší druhý případ Eleny Blancové.  |b Oddělení analýzy případů v čele s Elenou Blancovou se pokouší rozkrýt tajnou organizaci Purpurová síť, která šíří nahrávky s mučením lidí. Pro Elenu je případ velice osobní, protože se spolkem se zapletl i její ztracený syn Lucas. Z oběti se ale proměnil v mučitele a teď si násilí zvráceně užívá. Elena je pevně odhodlaná Lucase najít a učinit přítrž šílenství, kterému propadl. Nechá si od matky pomoct, anebo už jeho duši nezvratně pohltila temnota? Nakladatelská anotace. 
655 7 |a španělské romány  |7 fd133918  |2 czenas 
655 7 |a thrillery (romány)  |7 fd184206  |2 czenas 
655 9 |a Spanish fiction  |2 eczenas 
655 9 |a thrillers (novels)  |2 eczenas 
700 1 |a Melicharová, Anna  |7 kv2018978444  |4 trl 
787 0 8 |i Z cyklu:  |t Případy Eleny Blancové  |g 2 
830 0 |a Thrill 
900 |a ABA001  |b 20 
928 9 |a Albatros Media - Kniha Zlin 
044 |a xr 
910 |a RBIT002 
998 |d 387969  |a https://core.palmknihy.cz/api/books/387969/cover?si65p6  |b https://core.palmknihy.cz/api/books/387969/cover/400?si65p6  |c https://core.palmknihy.cz/api/books/387969/cover/50?si65p6  |e 2029-10-31  |g 360  |i 9788076625631  |j https://core.palmknihy.cz/api/books/387969/preview.epub  |k https://core.palmknihy.cz/api/books/387969/preview.pdf  |l   |q 49  |r 1  |s https://www.palmknihy.cz/kniha/387969  |t ebook  |y 2023  |z 0  |v Případy Eleny Blancové  |w 2 
999 |d 312121